00526nam a2200145 a 450000500170000000800410001704000120005804100080007004400070007811000340008524501800011926000290029930000100032866200420033820160311020001.0140130b2008 ck ||||| |||| 00| 0 spa d cCO-BoIH aspa ack bFundación Ambiente Colombia aImplementación de herramientas de manejo de paisaje como estrategia para la conservación de la biodiversidad en la Cuenca media del Río Nima Fase II y IIIbInforme final aPalmirabCVCbIAVHc2008 a52 p. aColombiacRío NimabValle del Cauca